00406 2200157 4500001002100000008004100021035002000062245004300082100002000125260002500145300002200170020002200192084001400214082000800228990001200236INLIS000000000002875 IND  a0010-0925000222 aYa Allah Air Mata InicEdelweis Almira aEdelweis Almira aJakartabZettuc2014 a224c(14 x 21 cm) a978-602-7999-85-5 a813 EDE y a813 a0755097